LDR 00693naa#a2200169#i#450# 001 EN\\bibl\120963 005 20260430134201.4 011 ## _a2073-0454 100 ## _a20251015b2025####ek#y0engy0150####ca 102 ## _aRU 200 1# _aThe application of socially oriented artificial intelligence technology in public administration: the current experience of the Federal Republic of Brazil _eJournal article 210 1# _aMoscow _cMoscow University of the Ministry of Internal Affairs of Russia named after V.Ya. Kikot _d2025 215 ## _a4 с. 608 ## _aJournal article _2local 675 ## _aПраво. Юридические науки. 34 _z 700 #1 _aAhmedov _gRuslan Maratovich 856 4# _amosumvd.editorum.ru _u